• 首页
  • 本馆介绍
  • 公告通知
  • 最新文献
  • 馆藏检索
  • 电子资源
  • 读者导购
  • 参考咨询
  • 我的图书馆
  • 登录
  • 详细信息显示
  • 放入我的书架
  • 预约/预借图书
  • 作者相关作品
  • 分类相关作品
  • 丛书相关作品
  • 出版社相关作品

书目信息

  • 表格格式
  • 工作单格式
  • 卡片格式
题名:
数学分析的问题和练习
    
 
作者: 吉米多维奇 主编 ;金志华 译
分册:  
出版信息: 上海   上海科学技术出版社  1983
页数: 469页
开本: 21cm
丛书名:
单 册:
中图分类: O17 , O17-44
科图分类:
主题词: 数学分析--习题 , 数学分析
电子资源:
ISBN:
000 00966nam0 2200289 45
001 0183012295
005 20060813094648.06
010    @dCNY1.65
091    @a13119.1061
100    @a19950808d1983 em y0chiy0121 ea
101 1  @achi@crus
102    @aCN@b310000
105    @ay q 000yy
200 10 @a数学分析的问题和练习@Ashu xue fen xi de wen ti he lian xi@e工科用@f(苏)吉米多维奇主编@g金志华译
210    @a上海@c上海科学技术出版社@d1983
215    @a469页@d21cm
300    @a书名原文:Задачи и упражнения по математическому анализу
510 1  @aЗадачи и упражнения по математическому анализу@zrus
606    @a数学分析@x习题
606 0  @a数学分析
690    @aO17
690    @aO17-44@v3
701  1 @a吉米多维奇@Aji mi duo wei qi@4主编
702  0 @a金志华@Ajin zhi hua@4译
801  2 @aCN@bNLC@c20060813
801  0 @aCN@b上海图书馆@c20040518
905    @dO17@e11
    
    数学分析的问题和练习:工科用/(苏)吉米多维奇主编/金志华译.-上海:上海科学技术出版社,1983
    469页;21cm
    书名原文:Задачи и упражнения по математическому анализу
    
    ISBN :CNY1.65
    
●
相关链接 在E读中查询图书 在五车中查询图书 在当当中查询图书 在豆瓣中查询图书


正题名:数学分析的问题和练习     索取号:O17/11         预约/预借

序号 登录号 条形码 馆藏地/架位号 状态 备注
1 0090156   000416874   第三借阅区/ [索取号:O17/11] 在馆    
2 0090157   000416883   第三借阅区/ [索取号:O17/11] 在馆    
3 0090158   000417070   第二样本阅览室/ [索取号:O17/11] 在馆    
4 0455150   204551500   密集书库/ [索取号:O17/11] 在馆    
5 0455151   204551519   密集书库/ [索取号:O17/11] 在馆    
唐山师范学院图书馆 欢迎您!
大连网信软件有限公司© 版权所有